000
00287nam a22001337a 4500
008
170527b xxu||||| |||| 00| 0 eng d
020
_a
9780071629102
041
_a
eng
080
_a
626
100
_a
27
101
_a
IM
245
_a
AERO-HYDRODYNAMICS
_c
FOSSATI, F
942
_2
udc
_c
BK
999
_c
14645
_d
14645